| 000 | 00351pab a2200145 454500 | ||
|---|---|---|---|
| 008 | 180718b2002 xxu||||| |||| 00| 0 eng d | ||
| 100 | _aBaptiste, Roland G. | ||
| 245 | _aThe merger of ACE and CARE | ||
| 260 | _c2002 | ||
| 300 | _ap.466-80. | ||
| 362 | _aDec | ||
| 650 | _aBanks | ||
| 773 | _aJournal of Applied Behavioral Science | ||
| 909 | _a54713 | ||
| 999 |
_c54713 _d54713 |
||